00694nam a2200229 i 450000100060000000300090000600500170001500700030003200800410003502000180007608000080009410000340010224501120013625000120024826000370026030000220029749000350031965000240035470000180037883000350039685200330043117108ES-MaACL20250929063049.0t|001220s1997 sp ||||1| spa d a84-339-0543-0 a3161 aBourdieu, Pierre, d1930-200210aRazones prácticas b: sobre la teoría de la acción / cPierre Bourdieu ; traducción de Thomas Kauf. a2ª ed. aBarcelona : bAnagrama, c[1999] a232 p. ; c22 cm.1 aColección Argumentos ; v193 7aSociología2embne1 aKauf, Thomas.0 aColección Argumentos ; v193 aES-MaACLjL-23961 bR.129128